000 00858nam a22002297a 4500
003 0
005 20250129104824.0
008 150928b xxu||||| |||| 00| 0 eng d
050 _aPGS GV 706.5
_b.Sa194 2015
100 _aSan Buenaventura, Eugenio Segis IV.
245 _aSports engagement and social skills /
_cEugenio Segis IV San Buenaventura.
260 _aLas PiƱas City, Philippines :
_bSouthville International School and Colleges,
_c2015.
300 _a17 p. :
_bill. ;
_c28 cm.
504 _aIncludes bibliographical references.
650 _aSports for children
_vSocial aspects.
650 _aSports for children
650 _aSocial skills in children.
650 _aChild development
_vSocial aspects.
650 _aPhysical education for children
_vSocial benefits.
650 _aPeer interaction through sports.
942 _2lcc
_cPASS
999 _c288763
_d288763